000 00671nam a2200205 a 4500
001 BRCA_8976
005 20190320210458.0
008 180717s2016----mx-a######---#000-0#spa-#
020 _a9786078093717
041 _aspa
044 _amx
050 4 _aF1391.P9
_b.P94 2016
245 1 0 _aLa Puebla de los Ángeles en el virreinato
_ccoordinadora Sigrid María Louvier Nava.
260 _aMéxico
_bUniversidad Popular Autónoma del Estado de Puebla
_c2016
300 _a255 p.
_bil. a color
_c33 cm.
651 4 _aPuebla (México)
_xHistoria
_9409
651 4 _aPuebla (México)
_xVirreinato
_922286
700 1 _aLouvier Nava, Sigrid María
_ecoord.
_922287
942 _2lcc
_cB
999 _c8627
_d8627